| 000 | 00498nam a2200181 a 4500 | ||
|---|---|---|---|
| 005 | 20140412111324.0 | ||
| 008 | 001113s19uu xx 00 eng d | ||
| 020 | _a0-7214-1572-5 | ||
| 050 |
_aER _bSl1 1993 |
||
| 100 | _aHunia, Fran | ||
| 245 |
_aSly fox and red hen / _cby Fran Hunia ; illustrated by John Dyke. |
||
| 260 |
_aLoughborough, UK : _bLadybird, _c1993. |
||
| 300 | _a[40] p. ; ill. | ||
| 440 | _aLadybird series | ||
| 650 | _aFairy tales | ||
| 650 | _aFolklore | ||
| 999 |
_c104495 _d104495 |
||